| 000 | 01512nam a2200433 i 4500 | ||
|---|---|---|---|
| 001 | 55291 | ||
| 003 | KOSZ 005 | ||
| 005 | 20190801130456.0 | ||
| 008 | 060427s2006 pl |001 0 pol | ||
| 015 | _aPB 2006/10080 | ||
| 020 | _a8374840099 | ||
| 035 | _a991030429949705066 | ||
| 035 | _a(PL-WaBN)b18202408-48omnis_nlop | ||
| 035 | _ab18202408 | ||
| 035 | _a(OCoLC)69302201 | ||
| 035 | _a(PL)b0000001820240 | ||
| 035 | _a(EXLNZ-48OMNIS_NETWORK)9910384728805606 | ||
| 040 |
_aWA N/PBmkr _cWA N/PBmkr _dWA N/PBezm _dPOZN U/HAs _dKOSZ 005/HR |
||
| 080 | _a339.138 | ||
| 080 | _a(075.8) | ||
| 245 | 0 | 0 |
_aWskaźniki marketingowe / _cpod red. Roberta Kozielskiego ; [aut. Robert Kozielski et al.]. |
| 250 | _aWyd. 2 poszerz. | ||
| 260 |
_aKraków : _bOficyna Ekonomiczna. Oddział Polskich Wydawnictw Profesjonalnych, _c2006. |
||
| 300 |
_a552 s. ; _c25 cm. |
||
| 380 | _aKsiążki | ||
| 380 | _aPublikacje dydaktyczne | ||
| 385 |
_mPoziom nauczania _aSzkoły wyższe |
||
| 388 | _a2001- | ||
| 490 | 1 | _aBiblioteka Praktyków Zarządzania | |
| 504 | _aBibliogr. s. 545-547. Indeks. | ||
| 658 | _aZarządzanie i marketing | ||
| 655 | 7 |
_aPodręczniki akademickie _2DBN |
|
| 650 | 7 |
_aMarketing _2DBN |
|
| 700 | 1 |
_aKozielski, Robert. _d(1968- ) _eAutor _eRedakcja |
|
| 830 | 0 | _aBiblioteka Praktyków Zarządzania | |
| 856 |
_uhttp://koha.tu.koszalin.pl/cgi-bin/koha/opac-detail.pl?biblionumber=55291 _yKatalog online BPK |
||
| 942 |
_2UKD _cKS |
||
| 999 |
_c55291 _d55291 |
||